000 00531nam a22001937a 4500
003 OSt
005 20170405135329.0
008 170405b xxu||||| |||| 00| 0 eng d
020 _a9780199535484
040 _cDDC.
082 _a530.15ZAS 2005.
100 _aZaslavsky,M.George;
_912053
245 _aHamiltonian Chaos &Fractional Dynamics:
260 _aOxford;Oxford University press,2005.
300 _axiv,421p;
_bill:
_c24cm.
504 _aincludes index and references.
650 _aPhysics.
_9809
942 _2ddc
_cO_SHELF
999 _c5801
_d5801